000 00590nam a2200193Ia 4500
008 220216s9999 xx 000 0 und d
100 _aJayasinghe C K
245 0 _aIn vitro evaluation of fungicides against clove isolate of Cylindrocladium quinqueseptatum in Sri Lanka
260 _bInternational Journal of Pest Management
_c1995
300 _a219-223
500 _aSource Year: 1996
650 _aCylindrocladium quinqueseptatum
650 _aFungicides
650 _aHevea brasiliensis
650 _aSri Lanka
700 _aWijesundera R L C
856 _uAEDR
942 _cJS
999 _c60946
_d60946